Quizzes
Events
Quiz Creation
Community
Videos
Private Events
Remove Ads
Sign In
Join for FREE
Feedback
Dark Mode
Quiz Categories
Sports
Geography
Music
Movies
Television
Just For Fun
Miscellaneous
History
Literature
Language
Science
Gaming
Entertainment
Religion
Holiday
For Kids
Quiz Lab
Recent
Popular Today
Quiz Kudos Today
Editor Picks
Curator Picks
Quizzes by...
Day
Popularity
Type
Ratings
Length
Year
Community
Subscriptions
Recent Discussions
Orange Saloon
Badges
Playlists
Quests
Create
Leaderboards
Showdown
Live 5
Trivia Bingo
Activity
Puzzle Library
Sporcle Events
Private Events
Virtual Trivia
Globe League
Become a Host
Pub Owners
SporcleCon
Opinionation
Our Games
Videos
Blog
Mobile Apps
Partnerships
Remove Ads and Go Orange
Feedback
Sports
Athletes
MLB
NBA
NHL
NFL
Soccer
Sports Teams
WWE
NCAA
Football
Premier League
Basketball
Baseball
Hockey
Golf
Tennis
Cricket
Rugby
Auto Racing
Olympics
World Cup
Sports
Athletes
MLB
NBA
NHL
NFL
Soccer
Sports Teams
WWE
NCAA
Football
Premier League
Basketball
Baseball
Hockey
Golf
Tennis
Cricket
Rugby
Auto Racing
Olympics
World Cup
Random Quiz
Search Sporcle
×
Quiz Lab
Quiz Lab
Sports
NCAA Basketball
Type in answers that appear in a list
Type in answers that appear in a list
Classic
Best Score? Go Orange.
SEC Basketball PPG Leaders 2001-2010 Stats
Can you name the SEC Basketball PPG Leaders 2001-02 to 2009-10?
By
spookydog
6m
45 Questions
127 Plays
127 Plays
127 Plays
Comments
Comments
Give Quiz Kudos
Give Quiz Kudos
-
- Ratings
hide this ad
More Info
Replay
Link that replays current quiz
Next Quiz
Link to next quiz in quiz playlist
You Got
0%
They Got
Avg Score
33%
Avg Friend Score
Upgrade to see
Score Distribution
Jump to the score distribution portion of the page
Score
0/45
Timer
06:00
0
Plays Today
Year
Player
% Correct
2009-
10
John Wall
91.3%
2005-
06
Glen Davis
77.2%
2006-
07
Glen Davis
77.2%
2005-
06
Chris Lofton
68.5%
2006-
07
Chris Lofton
68.5%
2008-
09
Jodie Meeks
67.7%
2008-
09
Patrick Patterson
62.2%
2007-
08
Devan Downey
61.4%
2008-
09
Devan Downey
61.4%
2009-
10
Devan Downey
61.4%
2005-
06
Ronnie Brewer
55.9%
2005-
06
Shan Foster
41.7%
2007-
08
Shan Foster
41.7%
2007-
08
Marcus Thornton
40.2%
2008-
09
Marcus Thornton
40.2%
2005-
06
Darrel Mitchell
33.1%
2009-
10
Trey Thompkins
33.1%
2009-
10
Tasmin Mitchell
33.1%
2003-
04
Lawrence Roberts
29.9%
2004-
05
Lawrence Roberts
29.9%
2009-
10
Chris Warren
29.9%
2004-
05
Brandon Bass
29.1%
2007-
08
Joe Crawford
29.1%
Year
Player
% Correct
2006-
07
Derrick Byars
28.3%
2003-
04
Anthony Roberson
26%
2004-
05
Anthony Roberson
26%
2002-
03
Jarvis Hayes
22.8%
2001-
02
Jarvis Hayes
22.8%
2002-
03
Ezra Williams
21.3%
2001-
02
Ezra Williams
21.3%
2001-
02
Tayshaun Prince
19.7%
2003-
04
Matt Freije
15.7%
2002-
03
Ron Slay
15.7%
2007-
08
Richard Hendrix
15%
2003-
04
Justin Reed
14.2%
2001-
02
Vincent Yarbrough
11%
2001-
02
Marcus Haislip
10.2%
2002-
03
Marquis Daniels
9.4%
2003-
04
Scooter McFadgon
8.7%
2006-
07
Tre Kelley
7.9%
2002-
03
Matt Freije
7.9%
2006-
07
Clarence Sanders
7.1%
2004-
05
Toney Douglas
6.3%
2004-
05
Kennedy Winston
5.5%
2008-
09
David Huertas
5.5%
Quiz Playlist
Details
Report
Send in Message
Add To Playlist
More Info:
*Player must have played in 75% of their team's games to be eligible.
Classic:
Type in answers that appear in a list
Quiz Source
Last Updated: Feb 16, 2017
Quiz Scoreboard
CHALLENGE
Sign Up to Join the Scoreboard
Show All
Scores
Hide
Comments
May contain spoilers
Recently Published
Alphabetical 'K' Countries by Flag Minefield
by ylime102
Geography
3m
Pick 6: Fruits
by JohnFran
Miscellaneous
15s
Click the 1999 NBA Draft
by nibperrychub
Sports
2m
More to Explore
Quiz From the Vault
Featured Blog Post
15 Basketball Trivia Facts You Can Be March Mad About
hide this ad
You Might Also Like...
Tags
NCAA Basketball
PPG Leaders
SEC Basketball
Today's Top Quizzes in Sports
Browse Sports
hide this ad
Today's Top Quizzes in NCAA Basketball
Browse NCAA Basketball
Top Contributed Quizzes in Sports
1
Don't Strike Out: 3000 Strikeouts
2
MLB 2 truths and a lie: Hall of Fame pitchers
3
MLB Players with Two .350 Batting Average Seasons
4
Last 10 Members of the 500 HR Club in Order
5
Criteria MLB: Left Handed Sluggers
6
One Time Final Four Teams
7
Millionaire: NBA Finals Edition
8
MLB Teams by First Game
9
Pitchers With Multiple No-Hitters
10
Pick 6: NFL Teams
Explore More
Trending Topics
Marvel
NBA
Disney
Crossword
Kpop
Harry Potter
Anime
Pokémon
Puzzle
Song
Soccer
Country
NFL
The Office
WWE
hide this ad
More By:
spookydog
Quiz
Plays
Rating
Category
Featured
Created
One Word Pearl Jam Songs
954
4.29
Music
Nov 30, 2010
Three Word Beatles Songs
703
4.00
Music
Jan 7, 2011
Boston Championship Starting Lineups
473
4.00
Sports
Jun 16, 2011
Vowel Starting Pearl Jam Songs
393
5.00
Music
Feb 3, 2011
NCAA Men's Basketball Coaches (pt1)
356
5.00
Sports
Feb 25, 2011
Go to Creator's Profile
Score Distribution
Quiz Creator Spotlight
spookydog
Follow
Send a Message
Quizzes Created
-
Created Quiz Play Count
-
More By This Creator
Popular Quizzes Today
1
Find the US States - No Outlines Minefield
2
Countries of Asia Without Outlines Minefield
3
Pick 6: Fruits
4
Alphabetical 'K' Countries by Flag Minefield
5
The Countries of the World
6
Click the 1999 NBA Draft
7
Find the US States
8
Match the Book to the Film X
More Sports Quizzes
Who Did They Play For?
Quiz Lab
Trending Quizzes
Pick 6: Harry Potter
Pick 6: Golfers
Pick 6: Movie Franchises
Pick 6: Foods
Pick 6: Landmarks
Recently Updated
Women's Final Four Teams by Year
bhenderson79
Presidents Quartet II
eogle
Anything But Clue(do)
eogle
Anything But Oceanian Capitals
eogle
Anything But 7
eogle
Anything But Thing
eogle
Word Ladder: February 29
pecheneg
Song Title Questions
pecheneg
Women's NCAA Tournament #1 Seeds
pecheneg
Celebrity Mug Shots
pecheneg
Trending Topics
Disney
Harry Potter
Crossword
Anime
Kpop
NBA
Marvel
Soccer
Country
Song
Puzzle
Pokémon
NFL
The Office
WWE
Your Account Isn't Verified!
In order to create a playlist on Sporcle, you need to verify the email address you used during registration. Go to your
Sporcle Settings
to finish the process.
Report this User
Report this user for behavior that violates our
Community Guidelines
.
Details:
Send Report
Go to the Sporcle.com Mobile Site →
Comments